The music master : (Record no. 17945)

MARC details
000 -LEADER
fixed length control field 00606cam a22002171i 4500
001 - CONTROL NUMBER
control field ca 36000048
003 - CONTROL NUMBER IDENTIFIER
control field DLC
005 - DATE AND TIME OF LATEST TRANSACTION
control field 20260227111139.0
008 - FIXED-LENGTH DATA ELEMENTS--GENERAL INFORMATION
fixed length control field 770221s1935 nyu 000 0 eng
010 ## - LIBRARY OF CONGRESS CONTROL NUMBER
LC control number ca 36000048
035 ## - SYSTEM CONTROL NUMBER
System control number (OCoLC)2753191
040 ## - CATALOGING SOURCE
Original cataloging agency DLC
Transcribing agency MNoW
Modifying agency DLC
042 ## - AUTHENTICATION CODE
Authentication code premarc
050 00 - LIBRARY OF CONGRESS CALL NUMBER
Classification number PS3521.L5
Item number M8 1935
082 ## - DEWEY DECIMAL CLASSIFICATION NUMBER
Classification number 812.5
100 1# - MAIN ENTRY--PERSONAL NAME
Personal name Klein, Charles,
Dates associated with a name 1867-1915.
245 14 - TITLE STATEMENT
Title The music master :
Remainder of title a play in three acts /
Statement of responsibility, etc. by Charles Klein.
260 ## - PUBLICATION, DISTRIBUTION, ETC.
Place of publication, distribution, etc. New York :
Name of publisher, distributor, etc. French,
Date of publication, distribution, etc. 1935.
300 ## - PHYSICAL DESCRIPTION
Extent 134 p. :
Other physical details ill. ;
Dimensions 19 cm.
490 0# - SERIES STATEMENT
Series statement French's standard library edition

No items available.

Powered by Koha